| 000 | 00841nam a2200217Ia 4500 | ||
|---|---|---|---|
| 999 |
_c3297 _d3297 |
||
| 003 | OSt | ||
| 005 | 20200622200758.0 | ||
| 008 | 191128t1977 sp a gr 000 j spa d | ||
| 020 | _a8424313135 | ||
| 040 |
_aCO-JMCR _cCO-JMCR |
||
| 041 | _aspa | ||
| 082 | 0 | 4 |
_aH / _bVERv |
| 100 | 1 |
_aVerne, Jules, _d1828-1905 _eautor _95945 |
|
| 245 | 1 | 0 |
_aViaje al centro de la tierra : _cJulio Verne |
| 260 |
_aBilbao : _bFher, _c©1977 |
||
| 300 |
_a[32] páginas sin numerar : _bilustraciones a color ; _c30 cm. |
||
| 490 | 0 | _aEdiclas J. Verne | |
| 520 | _aParte de un antiguo criptograma descubierto en un manuscrito rúnico, escrito por un alquimista inglés del siglo XVI, quien dice haber penetrado por el cráter de un volcán extinguido de Islandia, hasta el centro de la Tierra. | ||
| 650 | 0 | 4 |
_aHistorias de aventuras _95946 |
| 942 |
_2ddc _cBK |
||